| 000 | 00573 a2200169 4500 | ||
|---|---|---|---|
| 999 |
_c499 _d499 |
||
| 020 | _a9780072556391 | ||
| 050 | _aCB235 MAT 2003 | ||
| 100 |
_aMatthews, Roy T. _eeditor |
||
| 245 |
_aReadings in the western humanities / _cedited by Roy T. Matthews, F. Dewitt Platt |
||
| 264 |
_aBoston : _bMcGraw-Hill, _c2003 |
||
| 300 | _axii, 305p. | ||
| 440 | _aThe McGraw-Hill Companies | ||
| 500 | _aIncludes bibliographical references and index | ||
| 650 |
_aCivilization, Western -- History _xSources |
||
| 700 |
_aPlatt, F. DeWitt _eeditor |
||
| 942 |
_2lcc _cBK _e5th ed. _h245 _iMAT _kCB |
||